Noms anglais des personnages Disney/Pixar - Statistiques

Statistiques générales
  • Ce quiz a été pris 1 409 fois
  • Le résultat moyen est 8 sur 24
Statistiques - réponses
Nom français Nom anglais % Correct
Cendrillon C{inderella}
90%
Vaiana M{oana}
87%
Joyeux H{appy}
72%
Raiponce R{apunzel}
70%
Dormeur S{leepy}
64%
Dingo G{oofy}
54%
Flash McQueen (Cars) L{ightning} McQueen
52%
Prof D{oc}
43%
Buzz L'Éclair Buzz L{ightyear}
39%
Grincheux G{rumpy}
38%
M. Patate Mr. P{otato} H{ead}
36%
Atchoum S{neezy}
29%
Porcinet P{iglet}
18%
Tic et Tac C{hip} and D{ale}
15%
Martin (Cars) M{atter}
12%
Bourriquet E{eyore}
9%
Timide B{ashful}
7%
Fifi D{ewey}
7%
Polochon | Barboteur (La Petite Sirène) F{lounder}
7%
Riri H{uey}
7%
Loulou L{ouie}
7%
Balthazar Picsou S{crooge} M{cDuck}
7%
Panpan (Bambi) T{humper}
7%
Simplet D{opey}
6%
Aucun quiz correspondant
Distribution des résultats
% des personnes avec chaque résultat
Percentile par nombre de réponses
Votre historique - résultats
Vous n’avez pas pris ce quiz